000 00407nam a2200145Ia 4500
008 130318s9999 xx 000 0 und d
020 _a9788178299280
082 _a351 BHA/U
100 _aBhatnagar, Subhash
245 _aUnlocking e-government potential: Concepts,cases and practical insights
260 _bSage
_aNew Delhi
_c2009
300 _a351
650 _aE-GOVERNMENT
650 _aG2G APPLICATIONS
999 _c1900
_d1900